[Event "English Online Blitz Gp1"]
[Site "chess.com INT"]
[Date "2020.05.09"]
[Round "3"]
[White "Varney, Zoe"]
[Black "Friar, James P"]
[Result "1-0"]
[WhiteElo "1917"]
[BlackElo "1591"]
[WhiteFideId "436135"]
[BlackFideId "424137"]
[EventDate "2020.05.09"]
[EventType "blitz"]

1. e4 e5 2. Nf3 Nf6 3. Nc3 Nc6 4. Bb5 d6 5. O-O Bg4 6. h3 Bh5 7. d3 Be7 8. Be3
O-O 9. Nd5 Nxd5 10. exd5 Nd4 11. Bxd4 exd4 12. g4 Bg6 13. Nxd4 Bf6 14. Ne2 Bxb2
15. Rb1 Bf6 16. f4 h6 17. f5 Bh7 18. Nf4 Bg5 19. Qf3 a6 20. Bc4 b5 21. Bb3 Qf6
22. Ng2 Rfe8 23. Rbe1 Bh4 24. Nxh4 Qxh4 25. Rxe8+ Rxe8 26. c4 Qg5 27. Bc2 Re3
28. Qg2 Qh4 29. Rf3 Rxf3 30. Qxf3 Qe1+ 31. Kh2 bxc4 32. dxc4 Qd2+ 33. Qg2 Qf4+
34. Kh1 Qxc4 35. Qf2 Qxd5+ 36. Kh2 Qe5+ 37. Kh1 g6 38. f6 g5 39. Bxh7+ Kxh7 40.
Qc2+ Kg8 41. Qxc7 Qd5+ 42. Kh2 Qe5+ 43. Kg2 Qxf6 44. Qc8+ Kg7 45. Qxa6 Qe5 46.
a4 Qe4+ 47. Kg1 d5 48. a5 d4 49. Qa7 Qe3+ 50. Kg2 Qe2+ 51. Kg3 d3 52. Qd4+ Kg6
53. Qd6+ f6 54. a6 Qe3+ 55. Kg2 Qe4+ 56. Kg3 Qe3+ 57. Kg2 Qe2+ 58. Kg3 d2 59. a7
Qe3+ 60. Kg2 Qxa7 61. Qxd2 Qb7+ 62. Kg3 Qc7+ 63. Kg2 Qc6+ 64. Kg3 Qc7+ 65. Kg2
Qf4 66. Qd3+ f5 67. Qa6+ Kf7 68. Qb7+ 1-0

[Event "English Online Blitz Gp1"]
[Site "chess.com INT"]
[Date "2020.05.09"]
[Round "4"]
[White "Burrows, Martin P"]
[Black "Grieve, Harry"]
[Result "0-1"]
[BlackTitle "FM"]
[WhiteElo "2125"]
[BlackElo "2355"]
[WhiteFideId "409057"]
[BlackFideId "426520"]
[EventDate "2020.05.09"]
[EventType "blitz"]

1. e4 c5 2. Nf3 e6 3. d4 cxd4 4. Nxd4 Nc6 5. Nb5 d6 6. c4 Nf6 7. N1c3 a6 8. Na3
Be7 9. Be2 O-O 10. O-O b6 11. Be3 Bb7 12. Rc1 h6 13. Qd2 Ne5 14. f3 Rc8 15. Rfd1
Qc7 16. Bf1 Rfe8 17. Qf2 Ned7 18. Nc2 Bf8 19. b4 d5 20. exd5 exd5 21. c5 bxc5
22. bxc5 Bxc5 23. Bxc5 Qxc5 24. Nd4 Qa3 25. Nce2 Nc5 26. Ng3 Na4 27. Ngf5 Rxc1
28. Qg3 Nh5 29. Nxh6+ Kf8 30. Qc7 Rxc7 0-1

[Event "English Online Blitz Gp1"]
[Site "chess.com INT"]
[Date "2020.05.09"]
[Round "4"]
[White "Stepanyan, Henrik"]
[Black "Borland, Scott"]
[Result "1-0"]
[WhiteElo "2196"]
[BlackElo "1782"]
[WhiteFideId "401030"]
[BlackFideId "437875"]
[EventDate "2020.05.09"]
[EventType "blitz"]

1. d4 d5 2. c4 dxc4 3. Nf3 Nf6 4. Nc3 c5 5. d5 e6 6. e4 exd5 7. exd5 a6 8. a4
Bd6 9. Bxc4 O-O 10. O-O Nbd7 11. Bg5 Qc7 12. a5 Ne5 13. Nxe5 Bxe5 14. h3 Bf5 15.
Re1 Rfe8 16. Qf3 Bg6 17. Bxf6 Bxf6 18. d6 Qxd6 19. Qxb7 Reb8 20. Qf3 Ra7 21.
Rad1 Bd4 22. Nd5 Rd7 23. b3 Rdd8 24. Ne7+ Kh8 25. Nc6 Bh5 26. Nxd8 Bxf2+ 27.
Qxf2 Qe6 1-0

[Event "English Online Blitz Gp1"]
[Site "chess.com INT"]
[Date "2020.05.09"]
[Round "4"]
[White "Willow, Jonah B"]
[Black "Zakarian, David"]
[Result "1/2-1/2"]
[WhiteTitle "FM"]
[BlackTitle "FM"]
[WhiteElo "2386"]
[BlackElo "2306"]
[WhiteFideId "438804"]
[BlackFideId "13301276"]
[EventDate "2020.05.09"]
[EventType "blitz"]

1. e4 c5 2. Nf3 Nc6 3. d4 cxd4 4. Nxd4 e5 5. Nb5 d6 6. N1c3 a6 7. Na3 Be6 8. Nc4
b5 9. Ne3 Nf6 10. g3 b4 11. Ncd5 Nxe4 12. Bg2 Nc5 13. Nf6+ gxf6 14. Bxc6+ Nd7
15. Bxa8 Qxa8 16. O-O d5 17. f4 d4 18. f5 Bd5 19. Nxd5 Qxd5 20. Qf3 Qxf3 21.
Rxf3 Bc5 22. Kg2 Ke7 23. Bh6 Rc8 24. Re1 Bb6 25. Re2 Kd6 26. Rd3 Kd5 27. Rd1 a5
28. Bg7 a4 29. Kf3 Bd8 30. Kg2 Be7 31. Bh6 Nb6 32. b3 a3 33. Be3 Nd7 34. Bf2 Bc5
35. Red2 Bb6 36. Re2 Bc5 37. Red2 Bb6 38. Re2 Bc5 1/2-1/2

[Event "English Online Blitz Gp1"]
[Site "chess.com INT"]
[Date "2020.05.09"]
[Round "4"]
[White "Horton, Andrew P"]
[Black "Pert, Richard G"]
[Result "1-0"]
[WhiteTitle "IM"]
[BlackTitle "IM"]
[WhiteElo "2375"]
[BlackElo "2416"]
[WhiteFideId "424269"]
[BlackFideId "404748"]
[EventDate "2020.05.09"]
[EventType "blitz"]

1. Nf3 d5 2. c4 e6 3. g3 dxc4 4. Bg2 a6 5. O-O Nf6 6. Na3 b5 7. d3 cxd3 8. Ne5
Nd5 9. Qxd3 Bxa3 10. bxa3 O-O 11. Rd1 Qe7 12. Bb2 Bb7 13. Rac1 f6 14. e4 Nb6 15.
Ng4 Nc4 16. Bd4 Nc6 17. Ba1 Rad8 18. Qe2 Qxa3 19. e5 f5 20. Nf6+ gxf6 21. exf6
Rxd1+ 22. Rxd1 Re8 23. Qh5 Qf8 24. Qg5+ Kh8 25. f7+ e5 26. Qf6+ 1-0

[Event "English Online Blitz Gp1"]
[Site "chess.com INT"]
[Date "2020.05.09"]
[Round "4"]
[White "Sygnowski, Tomasz"]
[Black "Rendle, Thomas E"]
[Result "0-1"]
[BlackTitle "IM"]
[WhiteElo "2143"]
[BlackElo "2365"]
[WhiteFideId "1115880"]
[BlackFideId "408760"]
[EventDate "2020.05.09"]
[EventType "blitz"]

1. e4 e6 2. d4 d5 3. exd5 exd5 4. Bd3 Bd6 5. Nf3 Nf6 6. O-O O-O 7. Bg5 Bg4 8.
Nbd2 Nbd7 9. c4 c6 10. Qc2 h6 11. Bh4 dxc4 12. Bxc4 Qa5 13. Bd3 Qh5 14. Bg3 Bxg3
15. hxg3 Rfe8 16. Rfe1 Rad8 17. Nh4 Nd5 18. a3 Be2 19. Ndf3 Bxd3 20. Qxd3 g6 21.
b4 a6 22. Re2 Rxe2 23. Qxe2 N5f6 24. Re1 Qd5 25. Qd3 Nf8 26. Re7 Rd7 27. Rxd7
Qxd7 28. Ne5 Qd5 29. Nhf3 Kg7 30. g4 Ne6 31. Qe3 Qe4 32. g5 Nxg5 33. Nxg5 Qxe3
34. fxe3 hxg5 35. Nd7 Nxd7 0-1

[Event "English Online Blitz Gp1"]
[Site "chess.com INT"]
[Date "2020.05.09"]
[Round "4"]
[White "Adair, James R"]
[Black "Hunt, Adam C"]
[Result "1-0"]
[WhiteTitle "IM"]
[BlackTitle "IM"]
[WhiteElo "2450"]
[BlackElo "2398"]
[WhiteFideId "406252"]
[BlackFideId "403970"]
[EventDate "2020.05.09"]
[EventType "blitz"]

1. c4 g6 2. g3 Bg7 3. Bg2 d6 4. Nc3 Nf6 5. d4 O-O 6. Nf3 Nc6 7. O-O Rb8 8. b3 a6
9. d5 Na5 10. Bg5 b5 11. cxb5 axb5 12. b4 Nc4 13. Qb3 Bd7 14. Nd4 Ng4 15. Ncxb5
Rxb5 16. Qxc4 Rb6 17. a3 h6 18. Bd2 Ne5 19. Qc2 Bg4 20. h3 Bd7 21. Be3 g5 22.
Rac1 Rb7 23. Nc6 Bxc6 24. dxc6 Rb8 25. b5 e6 26. a4 d5 27. Bc5 Re8 28. e4 d4 29.
Rfd1 Ng6 30. Qc4 e5 31. a5 g4 32. h4 Bf6 33. h5 Nf8 34. b6 Ne6 35. b7 Bg5 36.
Rb1 Be7 37. Bxe7 Qxe7 38. a6 1-0

[Event "English Online Blitz Gp1"]
[Site "chess.com INT"]
[Date "2020.05.09"]
[Round "4"]
[White "Dilley, Jason M"]
[Black "Walker, David J"]
[Result "0-1"]
[BlackTitle "FM"]
[WhiteElo "2136"]
[BlackElo "2271"]
[WhiteFideId "403016"]
[BlackFideId "400882"]
[EventDate "2020.05.09"]
[EventType "blitz"]

1. d4 Nf6 2. Bg5 e6 3. e4 h6 4. Bxf6 Qxf6 5. e5 Qd8 6. c3 d6 7. exd6 cxd6 8. Nf3
Be7 9. Bd3 O-O 10. O-O Nd7 11. Nbd2 Nf6 12. Ne4 Bd7 13. Nxf6+ Bxf6 14. Re1 Bc6
15. Be4 Bxe4 16. Rxe4 d5 17. Re2 b5 18. a4 a6 19. Qb3 Qb6 20. Ne5 Bxe5 21. Rxe5
Rfc8 22. Ree1 Rab8 23. a5 Qd6 24. g3 b4 25. cxb4 Qxb4 26. Qe3 Qxb2 27. Qd3 Qb5
28. Qe3 Rc4 29. h4 Qb4 30. Red1 Rb5 31. g4 Qc3 32. Qf4 Rbb4 33. g5 Rxd4 34. Qd6
Rg4+ 35. Kf1 Qh3+ 36. Ke2 Rge4+ 37. Kd2 Rb2+ 38. Kc1 Qc3# 0-1

[Event "English Online Blitz Gp1"]
[Site "chess.com INT"]
[Date "2020.05.09"]
[Round "4"]
[White "Dong, Bao Nghia"]
[Black "Cooper, Lawrence H"]
[Result "0-1"]
[WhiteTitle "CM"]
[BlackTitle "IM"]
[WhiteElo "2227"]
[BlackElo "2331"]
[WhiteFideId "12400343"]
[BlackFideId "401536"]
[EventDate "2020.05.09"]
[EventType "blitz"]

1. d4 Nf6 2. Nf3 d5 3. c3 Bf5 4. Bf4 c6 5. Nbd2 Nbd7 6. h3 h6 7. e3 e6 8. Be2
Be7 9. O-O O-O 10. Bh2 c5 11. c4 dxc4 12. Nxc4 Nb6 13. Na5 Be4 14. Nd2 Bd5 15.
dxc5 Bxc5 16. Rc1 Bb4 17. Ndc4 Nxc4 18. Nxc4 Rc8 19. Qb3 Qe7 20. a3 Bc5 21. Rfd1
a6 22. Qd3 Rfd8 23. Qb1 b5 24. Ne5 Qb7 25. b4 Bb6 26. Bf1 Ne4 27. Qb2 Qe7 28.
Nd3 Bc4 29. Nf4 Bxf1 30. Rxf1 Rxc1 31. Qxc1 Nd2 32. Rd1 Nc4 33. Rxd8+ Qxd8 34.
Ne2 Qd3 35. Nc3 Nxe3 36. Bg3 Nc2 37. Nd1 Nxa3 38. Bd6 Qxd6 0-1

[Event "English Online Blitz Gp1"]
[Site "chess.com INT"]
[Date "2020.05.09"]
[Round "4"]
[White "Okhai, Shabir"]
[Black "Dunn, Maxim"]
[Result "1-0"]
[WhiteElo "2099"]
[BlackElo "1729"]
[WhiteFideId "445134"]
[BlackFideId "456551"]
[EventDate "2020.05.09"]
[EventType "blitz"]

1. e4 c5 2. Nf3 d6 3. Bb5+ Nd7 4. Ba4 Nf6 5. O-O a6 6. c4 g6 7. Nc3 Bg7 8. d3
O-O 9. a3 Rb8 10. Rb1 Ne8 11. Bd2 Nc7 12. b4 b5 13. Bb3 Bb7 14. Qc2 bxc4 15.
Bxc4 Ne6 16. Bd5 Nd4 17. Qd1 e6 18. Bxb7 Rxb7 19. Nxd4 Bxd4 20. Ne2 Bg7 21. Bc3
Qc7 22. Bxg7 Kxg7 23. d4 cxb4 24. axb4 Rfb8 25. Qd2 Nb6 26. Rfc1 Qd7 27. Qd3 d5
28. e5 Nc4 29. Ra1 Ra7 30. Rcb1 Rb6 31. h4 h5 32. Nc3 Rab7 33. Na4 Rxb4 34. Rxb4
Rxb4 35. Nc5 Qb5 36. Rxa6 Rb1+ 37. Kh2 Rb2 38. Qf3 Nd2 39. Qf6+ Kh6 40. Qh8# 1-0

[Event "English Online Blitz Gp1"]
[Site "chess.com INT"]
[Date "2020.05.09"]
[Round "4"]
[White "Payne, Matthew J"]
[Black "Davis, Holden"]
[Result "1-0"]
[WhiteElo "2150"]
[BlackElo "1882"]
[WhiteFideId "417084"]
[BlackFideId "440019"]
[EventDate "2020.05.09"]
[EventType "blitz"]

1. e4 e6 2. d4 d5 3. Nc3 Bb4 4. e5 c5 5. a3 Bxc3+ 6. bxc3 Qa5 7. Bd2 Qa4 8. Qb1
c4 9. f4 Ne7 10. Nf3 Nbc6 11. Be2 Bd7 12. O-O O-O-O 13. Qb2 Kb8 14. Rfb1 b6 15.
Qc1 Ka8 16. Be1 Rdf8 17. Nd2 h5 18. Bf3 Bc8 19. Qd1 g6 20. Bh4 Nf5 21. Bf6 Rhg8
22. h3 Bb7 23. Kf2 h4 24. Bg4 Qa5 25. Rb4 Nxb4 26. axb4 Qb5 27. Bxf5 gxf5 28.
Bxh4 f6 29. Bxf6 Qe8 30. g3 Qg6 31. Qf3 Rxf6 32. exf6 e5 33. fxe5 f4 34. Qxf4
Qxc2 35. f7 Rf8 36. e6 Bc8 37. e7 Rxf7 38. Qxf7 Qxd2+ 39. Kf3 Qxc3+ 40. Kf4
Qxd4+ 41. Kg5 Qe5+ 42. Kh4 Qh8+ 43. Qh5 Qd4+ 44. g4 Qxa1 45. Qxd5+ Kb8 46. e8=Q 1-0

[Event "English Online Blitz Gp1"]
[Site "chess.com INT"]
[Date "2020.05.09"]
[Round "4"]
[White "Waterfield, Mark"]
[Black "Storey, Charles H"]
[Result "1/2-1/2"]
[BlackTitle "FM"]
[WhiteElo "1641"]
[BlackElo "2220"]
[WhiteFideId "464910"]
[BlackFideId "406686"]
[EventDate "2020.05.09"]
[EventType "blitz"]

1. d4 g6 2. Nf3 Bg7 3. Bg5 c5 4. c3 Qb6 5. Qb3 Nc6 6. e3 Nf6 7. Nbd2 d6 8. Bb5
O-O 9. Bxc6 Qxc6 10. O-O b6 11. Rae1 Ba6 12. c4 d5 13. Bxf6 exf6 14. Rc1 dxc4
15. Nxc4 cxd4 16. Nxd4 Qd5 17. Rfd1 f5 18. Qa4 Bb7 19. Nf3 Qe4 20. Qd7 Bc6 21.
Qc7 Rfc8 22. Qf4 Qxf4 23. exf4 Bxf3 24. gxf3 Rc5 25. Ne5 Rxc1 26. Rxc1 Re8 27.
Nd3 Re7 28. Kf1 Bf6 29. Rc6 Kg7 30. b3 h5 31. Nb4 Rd7 32. Ke2 Bd4 33. Nd3 a5 34.
a4 h4 35. h3 f6 36. Re6 Kf7 37. Rc6 Ke7 38. Rc8 Kf7 39. Rc6 Kg7 40. Re6 Rc7 41.
Kd2 Bc3+ 42. Ke2 Bd4 43. Kd2 Kf7 44. Rd6 Bc3+ 45. Ke2 Rb7 46. Rc6 Bd4 47. Rc4
Rd7 48. Rc6 1/2-1/2

[Event "English Online Blitz Gp1"]
[Site "chess.com INT"]
[Date "2020.05.09"]
[Round "4"]
[White "Wadsworth, Matthew J"]
[Black "Jones, Gawain C B"]
[Result "0-1"]
[WhiteTitle "IM"]
[BlackTitle "GM"]
[WhiteElo "2416"]
[BlackElo "2670"]
[WhiteFideId "415804"]
[BlackFideId "409561"]
[EventDate "2020.05.09"]
[EventType "blitz"]

1. Nf3 g6 2. g3 Bg7 3. Bg2 c5 4. c4 Nc6 5. O-O d6 6. Nc3 e6 7. a3 Nge7 8. b4
cxb4 9. axb4 Nxb4 10. d4 O-O 11. Ba3 Nbc6 12. Nb5 d5 13. c5 Nf5 14. e3 a6 15.
Nc3 h5 16. Na4 Re8 17. Nb6 Rb8 18. Ne1 Nd6 19. cxd6 Qxb6 20. Nd3 Qd8 21. Qc2 Bf8
22. Qc5 Bd7 23. Rfb1 b6 24. Qc2 a5 25. Ne5 Rc8 26. Qb2 Nxe5 27. dxe5 b5 28. Qd2
b4 29. Bb2 Bb5 30. Bd4 Ra8 31. e4 Bc4 32. exd5 exd5 33. f4 Qd7 34. h4 f5 35. Bf2
Qe6 36. Rc1 Kh7 37. Rxc4 dxc4 38. d7 c3 39. dxe8=Q Rxe8 40. Qc2 Rc8 41. Rxa5 b3
42. Ra7+ Kh8 43. Qd3 c2 44. Be3 b2 45. Bd5 c1=Q+ 46. Kh2 Rc2+ 0-1

[Event "English Online Blitz Gp1"]
[Site "chess.com INT"]
[Date "2020.05.09"]
[Round "4"]
[White "Kuzhelev, Timur"]
[Black "Alizada, Eldar"]
[Result "0-1"]
[WhiteElo "1781"]
[BlackElo "1922"]
[WhiteFideId "44101791"]
[BlackFideId "464104"]
[EventDate "2020.05.09"]
[EventType "blitz"]

1. e4 e6 2. d4 d5 3. exd5 exd5 4. c4 Nf6 5. Nc3 Be7 6. Nf3 O-O 7. Be2 Bf5 8. O-O
Nc6 9. h3 Re8 10. Re1 h6 11. cxd5 Nxd5 12. Bc4 Nxc3 13. bxc3 Bf6 14. Qb3 Rxe1+
15. Nxe1 Qe7 16. Be3 Na5 17. Qb5 Nxc4 18. Qxc4 Re8 19. Nf3 Be4 20. Nd2 Bc6 21.
Qd3 Qd7 22. Rb1 Qd5 23. Qf1 Qxa2 24. Ra1 Qc2 25. c4 a6 26. Rc1 Qg6 27. d5 Bd7
28. Kh1 Bg5 29. Bxg5 Qxg5 30. Nf3 Qf4 31. Qd3 Bf5 32. Qd4 Qxc1+ 33. Kh2 Bc8 34.
c5 Qc2 35. d6 cxd6 36. cxd6 Qc6 37. Ne5 Qb5 38. f4 Rd8 39. Qa1 Qe8 40. Qa2 Qe6
41. Qxe6 fxe6 42. d7 Bxd7 43. Kg3 Bc6 44. Kf2 a5 45. Ke3 a4 46. Nxc6 bxc6 47. g4
a3 48. f5 exf5 49. gxf5 a2 50. Kf4 a1=Q 0-1

[Event "English Online Blitz Gp1"]
[Site "chess.com INT"]
[Date "2020.05.09"]
[Round "4"]
[White "Hosdurga, Chirag"]
[Black "Ward, Ieuan C"]
[Result "1/2-1/2"]
[WhiteElo "1838"]
[BlackElo "2028"]
[WhiteFideId "438189"]
[BlackFideId "406627"]
[EventDate "2020.05.09"]
[EventType "blitz"]

1. d4 Nf6 2. c4 e6 3. Nc3 Bb4 4. Qc2 c5 5. dxc5 Qa5 6. Bd2 Nc6 7. a3 Bxc3 8.
Bxc3 Qxc5 9. b4 Qxc4 10. e3 Qg4 11. Nf3 d5 12. b5 Ne7 13. Ne5 Qe4 14. Bd3 Qxg2
15. O-O-O Ng6 16. Rdg1 Qh3 17. Nxf7 Kxf7 18. Bxg6+ Kg8 19. Bxf6 Qh6 20. Bd4 Bd7
21. Bd3 Rc8 22. Rxg7+ Qxg7 23. Bxg7 Kxg7 24. Kd2 Rxc2+ 25. Kxc2 Rc8+ 26. Kd2 Be8
27. Rg1+ Bg6 28. h4 Kf6 29. Bxg6 hxg6 30. Kd3 Rh8 31. Rg4 e5 32. e4 d4 33. f4
Rh6 34. fxe5+ Kxe5 35. Rg5+ Kf6 36. e5+ Ke6 37. Kxd4 Rxh4+ 38. Kc3 Rh3+ 39. Kb4
Rh6 40. Kc4 b6 41. a4 Rh4+ 42. Kb3 Rh7 43. Rxg6+ Kxe5 44. Rc6 Kd5 45. Kb4 Rh4+
46. Kb3 Rh7 47. Kb4 Re7 48. Rc4 Rf7 49. Rc6 Re7 50. Rc4 Re4 51. Rxe4 Kxe4 52.
Kc4 Ke5 53. Kb4 Kd4 54. a5 Kd5 55. axb6 axb6 56. Ka4 Kc5 57. Ka3 Kc4 58. Ka4 Kc5
59. Ka3 Kxb5 60. Kb3 Kc5 61. Kc3 Kd5 62. Kb3 Kd6 63. Kc3 Kc6 64. Kb4 Kb7 65. Kb5
Kc7 66. Kc4 Kc6 67. Kb4 Kb7 68. Kb5 Ka7 69. Ka4 Ka6 70. Kb4 Ka7 71. Kb5 Kb7 72.
Ka4 Kc6 73. Kb4 1/2-1/2

[Event "English Online Blitz Gp1"]
[Site "chess.com INT"]
[Date "2020.05.09"]
[Round "4"]
[White "Ghasi, Ameet K"]
[Black "Williams, Simon K"]
[Result "1-0"]
[WhiteTitle "IM"]
[BlackTitle "GM"]
[WhiteElo "2485"]
[BlackElo "2464"]
[WhiteFideId "409200"]
[BlackFideId "404454"]
[EventDate "2020.05.09"]
[EventType "blitz"]

1. Nf3 f5 2. d4 e6 3. Bg5 Be7 4. h4 Nf6 5. Nbd2 d5 6. e3 O-O 7. Bd3 Ne4 8. Bf4
c5 9. c3 Nc6 10. g3 c4 11. Bc2 b5 12. g4 b4 13. gxf5 exf5 14. Ng5 Qe8 15. f3
bxc3 16. Ndxe4 cxb2 17. Rb1 fxe4 18. fxe4 Bb4+ 19. Kf2 h6 20. exd5 Ne7 21. Nh7
Nxd5 22. Nxf8 Qxf8 23. Qf3 Bb7 24. Be4 Nxf4 25. Bxb7 Nd3+ 26. Kg2 Qxf3+ 27. Bxf3
Re8 28. Bd5+ Kh8 29. Bxc4 Rxe3 30. Bxd3 Rxd3 31. Rhd1 Rxd1 32. Rxd1 Kg8 33. Kf3
Kf7 34. Rb1 Ba3 35. Ke4 Ke6 36. h5 a5 37. Rg1 a4 38. Kd3 Bf8 39. Kc2 a3 40. Rf1
Be7 41. Kb3 Kd5 42. Re1 Bd6 43. Rg1 Kxd4 44. Rd1+ Ke5 45. Re1+ Kf5 46. Rg1 Kf4
47. Rd1 Be7 48. Rg1 Kf5 49. Kc2 Kf4 50. Rxg7 Bg5 51. Ra7 Kg4 52. Rxa3 Kxh5 53.
Kxb2 Kg4 54. Kc2 h5 55. Kd1 Kf5 56. Rd3 Ke6 57. a4 Bf4 58. Ke2 Bd6 59. a5 h4 60.
a6 Bc5 61. Kf3 Ke5 62. Kg4 1-0

[Event "English Online Blitz Gp1"]
[Site "chess.com INT"]
[Date "2020.05.09"]
[Round "4"]
[White "Claridge-Hansen, William"]
[Black "Roberson, Peter T"]
[Result "1/2-1/2"]
[WhiteTitle "FM"]
[BlackTitle "IM"]
[WhiteElo "2290"]
[BlackElo "2437"]
[WhiteFideId "422509"]
[BlackFideId "412384"]
[EventDate "2020.05.09"]
[EventType "blitz"]

1. c4 c5 2. g3 Nc6 3. Bg2 g6 4. Nc3 Bg7 5. Nf3 e6 6. d4 cxd4 7. Nb5 d5 8. cxd5
exd5 9. O-O Nge7 10. Nbxd4 O-O 11. b3 Qb6 12. Bb2 Bg4 13. Qd2 Rad8 14. Rac1 Rfe8
15. e3 Bxf3 16. Bxf3 Nxd4 17. Bxd4 Bxd4 18. Qxd4 Qxd4 19. exd4 Nc6 20. Rfd1 Rd6
21. Kg2 Kg7 22. Rc5 Red8 23. h4 h5 24. a3 Kf6 25. b4 b6 26. Rc3 a5 27. Bxd5 Rxd5
28. Rxc6+ R8d6 29. Rxd6+ Rxd6 30. Kf3 axb4 31. axb4 Rc6 32. d5 Rc3+ 33. Ke4 Ke7
34. d6+ Kd7 35. Rd4 Rc6 36. Ke5 b5 37. Kf6 Rc2 38. Kxf7 Rxf2+ 39. Kxg6 Rf3 40.
Kxh5 Rxg3 41. Kh6 Rc3 42. h5 Rc4 43. Rxc4 bxc4 44. Kg6 c3 45. h6 c2 46. h7 c1=Q
47. h8=Q Qc2+ 48. Kg5 Qd2+ 49. Kf5 Qd5+ 50. Qe5 Qf3+ 51. Kg5 Qg2+ 52. Kf4 Qh2+
53. Ke4 Qe2+ 54. Kd5 Qb5+ 55. Ke4 Qxb4+ 56. Kf5 Qb1+ 57. Kf6 Qf1+ 58. Kg6 Qg2+
59. Kf5 Qf3+ 60. Kg5 Qg2+ 61. Kf4 Qf2+ 62. Ke4 Qe2+ 63. Kd4 Qb2+ 64. Ke4 Qe2+
65. Kd4 Qb2+ 66. Ke4 Qe2+ 1/2-1/2

[Event "English Online Blitz Gp1"]
[Site "chess.com INT"]
[Date "2020.05.09"]
[Round "4"]
[White "Golding, Alex"]
[Black "Harvey, Marcus R"]
[Result "0-1"]
[WhiteTitle "FM"]
[BlackTitle "FM"]
[WhiteElo "2321"]
[BlackElo "2440"]
[WhiteFideId "427241"]
[BlackFideId "400092"]
[EventDate "2020.05.09"]
[EventType "blitz"]

1. e4 c6 2. d3 d5 3. Nd2 g6 4. g3 Bg7 5. Bg2 dxe4 6. Nxe4 Nf6 7. Nxf6+ Bxf6 8.
Ne2 O-O 9. O-O Bg7 10. Nc3 Nd7 11. Bg5 h6 12. Be3 Nf6 13. h3 Be6 14. Qd2 Kh7 15.
Rae1 Re8 16. f4 Nd5 17. Nxd5 Bxd5 18. b3 a5 19. a4 Bxg2 20. Qxg2 Qd5 21. Bd2
Qxg2+ 22. Kxg2 b5 23. Re4 e6 24. Rfe1 Red8 25. g4 Rd5 26. Rf1 Rd4 27. Rxd4 Bxd4
28. Re1 bxa4 29. bxa4 Rb8 30. Bxa5 Rb2 31. Re2 Ra2 32. Bc7 Rxa4 33. Kf3 c5 34.
Be5 c4 35. Bxd4 cxd3 36. cxd3 Rxd4 37. Ke3 Ra4 38. Rh2 Kg7 39. h4 Ra1 40. h5
Re1+ 41. Kd4 Rg1 42. Rh4 g5 43. fxg5 hxg5 44. h6+ Kh7 45. Rh5 Rxg4+ 46. Ke5 Rg3
47. Kf6 Rf3+ 48. Kxg5 Rxd3 49. Kf6 Rf3+ 50. Ke5 Rf1 51. Rh2 Rf5+ 52. Kd6 Rf6 53.
Ke7 Rxh6 54. Rg2 f5 55. Kd6 Rg6 56. Rh2+ Kg7 57. Ke5 Kf7 58. Rh7+ Kg8 59. Re7
Kf8 60. Ra7 Rh6 61. Rb7 Kg8 62. Re7 Rg6 63. Rd7 Rh6 64. Rc7 Rg6 65. Rd7 Rg7 66.
Rd8+ Kf7 67. Rd7+ Kg6 68. Rd3 Ra7 69. Kxe6 f4 70. Ke5 Kg5 71. Ke4 Kg4 72. Rd8
Re7+ 73. Kd3 f3 74. Rg8+ Kh3 75. Rh8+ Kg2 76. Rg8+ Kf1 77. Rf8 f2 78. Kd2 Rg7
79. Rf6 Kg2 80. Ke2 Re7+ 81. Kd2 f1=Q 82. Rxf1 Kxf1 0-1

[Event "English Online Blitz Gp1"]
[Site "chess.com INT"]
[Date "2020.05.09"]
[Round "5"]
[White "Kumar, Soham"]
[Black "Dilley, Jason M"]
[Result "0-1"]
[WhiteElo "1612"]
[BlackElo "2136"]
[WhiteFideId "473189"]
[BlackFideId "403016"]
[EventDate "2020.05.09"]
[EventType "blitz"]

1. e4 c5 2. Nf3 g6 3. d4 cxd4 4. Nxd4 Bg7 5. Be3 Nc6 6. Nc3 Nf6 7. Be2 O-O 8.
O-O d6 9. Qd2 a6 10. Nxc6 bxc6 11. Bh6 Qa5 12. Bxg7 Kxg7 13. f4 Rb8 14. Rab1
Qc5+ 15. Kh1 Ng4 16. Bxg4 Bxg4 17. f5 Rb7 18. h3 Bh5 19. g4 Bxg4 20. hxg4 Rb4
21. Kg2 Rd4 22. Qe3 f6 23. Rh1 g5 24. Qh3 Rd2+ 25. Kf3 Qf2# 0-1

[Event "English Online Blitz Gp1"]
[Site "chess.com INT"]
[Date "2020.05.09"]
[Round "5"]
[White "Purton, Ben J"]
[Black "Waterfield, Mark"]
[Result "1-0"]
[WhiteElo "2154"]
[BlackElo "1641"]
[WhiteFideId "411132"]
[BlackFideId "464910"]
[EventDate "2020.05.09"]
[EventType "blitz"]

1. e4 e5 2. Nf3 Nc6 3. d4 exd4 4. Nxd4 Bc5 5. Be3 Nxd4 6. Bxd4 Bxd4 7. Qxd4 Qf6
8. e5 Qb6 9. Qc3 Qc6 10. f4 Ne7 11. Qxc6 dxc6 12. c4 Bf5 13. Nc3 O-O-O 14. Be2
h5 15. Rd1 Rxd1+ 16. Nxd1 Rd8 17. Ne3 Bd3 18. Bxh5 g6 19. Be2 b5 20. cxb5 cxb5
21. Bxd3 Rxd3 22. Ke2 Rd4 23. g3 Rb4 24. b3 Rd4 25. Rd1 Rxd1 26. Kxd1 Kb7 27.
Ke2 c5 28. h4 Kc6 29. g4 Kd7 30. Kf3 Ke6 31. Ke4 f5+ 32. exf6 Kxf6 33. Nd5+ 1-0

[Event "English Online Blitz Gp1"]
[Site "chess.com INT"]
[Date "2020.05.09"]
[Round "5"]
[White "Bedi, Adam"]
[Black "Arkell, Keith C"]
[Result "0-1"]
[BlackTitle "GM"]
[WhiteElo "1803"]
[BlackElo "2429"]
[WhiteFideId "432997"]
[BlackFideId "400270"]
[EventDate "2020.05.09"]
[EventType "blitz"]

1. e4 c6 2. d4 d5 3. exd5 cxd5 4. c4 Nf6 5. Nc3 g6 6. Nf3 Bg7 7. c5 O-O 8. Bf4
Bg4 9. Be2 Nc6 10. O-O Ne4 11. Nxe4 dxe4 12. Ne5 Bxe2 13. Qxe2 Qxd4 14. Nxc6
bxc6 15. Rfd1 Qxb2 16. Qxb2 Bxb2 17. Rab1 Bf6 18. Re1 g5 19. Bg3 Rfd8 20. Rxe4
Rd5 21. Rc4 Rad8 22. h3 h5 23. Bc7 R8d7 24. Bb8 a5 25. a4 h4 26. Rb6 Rd1+ 27.
Kh2 Bd4 28. Rxc6 Bxf2 29. Rg4 Bg1+ 30. Kh1 Bxc5+ 31. Kh2 Bg1+ 32. Kh1 Ba7+ 33.
Kh2 Bxb8+ 0-1

[Event "English Online Blitz Gp1"]
[Site "chess.com INT"]
[Date "2020.05.09"]
[Round "5"]
[White "Ashworth, Robert"]
[Black "Chaplin, Peter E"]
[Result "1/2-1/2"]
[WhiteElo "1577"]
[BlackElo "2046"]
[WhiteFideId "426563"]
[BlackFideId "406554"]
[EventDate "2020.05.09"]
[EventType "blitz"]

1. e4 c5 2. Nf3 Nc6 3. Bb5 Nf6 4. Bxc6 dxc6 5. d3 Bg4 6. Bf4 e6 7. Nbd2 Be7 8.
O-O O-O 9. Re1 b5 10. Qe2 a5 11. c3 Qb6 12. d4 cxd4 13. cxd4 c5 14. Qe3 Bxf3 15.
Nxf3 cxd4 16. Qxd4 Bc5 17. Qd2 Rad8 18. Qc2 Ng4 19. Bg3 Rc8 20. Qe2 Rfd8 21.
Rad1 h6 22. Rxd8+ Rxd8 23. Ne5 Nxe5 24. Bxe5 f6 25. Bg3 e5 26. Rd1 1/2-1/2